00729cam a22002531 4500001001300000003000400013005001700017008004100034010001700075035001800092040002700110042001200137050002400149110003200173245004000205260001000245300001100255490004700266504003100313650001600344650002100360810007700381999001700458l 63000241 DLC20260227111547.0720223s1962 xx 000 0 eng  al 63000241  a(OCoLC)248566 aDLCcODaWUdOCoLCdDLC apremarc00aHD7801b.I67 no. 652 aInternational Labour Office10aUnemployment and structural change. c1962. a206 p.1 aIts Studies and reports. New ser.vno. 65 aBibliographical footnotes. 0aUnemployed. 0aEconomic policy.2 aInternational Labour Office.tStudies and reports, new series ;vno. 65. c37131d37131